Регионална библиотека "Любен Каравелов" - Русе

Изповеди на Диего Ривера (Запис номер 138287)

MARC детайли
000 -Лидер
Контролно поле с фиксирана дължина 01676nam a2200385 c 4500
003 - Код на организацията, давaща контролен номер
Контролно поле BLK
005 - Дата и час на последна редакция
Контролно поле 20200428155121.0
008 - Елементи от данни с фиксирана дължина
fixed length control field 180409b bul|||||r ||||||| ||bul||
010 ## - Наследен системен номер
LC control number KNG00144271000
040 ## - Източник на каталожния запис
Идентификатор на билиотеката - собственик на записа BLK
041 ## - Код за език
Код за езика на текст/звукозапис или на отделно заглавие Български
Код за езика КДБФ Български
080 ## - УДК
Текстов определител УДК Живопис - художници
УДК код - определител по УДК 75.071.1
УДК определител (72)(092)
УДК - код + определител 75.071.1(72)(092)
080 ## - УДК
Текстов определител УДК Мексикански художник и стенописец
УДК код - определител по УДК 929 Ривера, Диего
УДК - код + определител 929 Ривера, Диего
100 1# - Редна дума - Автор
Автор Суарес, Луис
Авторска отговорност първи автор
R(LIN) 326238
139 ## - Редно поле
Редна дума Суарес, Луис
Авторски знак Ри - Р 58
Feature heading Р 58 Д
245 10 - Сведения за заглавието
Заглавие Изповеди на Диего Ривера
Редно поле (дума) Луис Суарес; прев. от исп. Хуанита К. Линкова.
257 ## - Страна на издаване
Страна на създаване/издаване Мексико
260 ## - Област на издателските данни
Име на издателя, разпространителя и проч. Бълг. художник
Година на издаване 1966
300 ## - Физическа характеристика
Страници 172 с.
Илюстрации и др. 16 л. репрод.
Размери/Мащаб 22 см
380 ## - Жанр
Жанр Изкуство
500 ## - Общи забележки
Забележка 8 100 тир. - Съдържа : Предисловие от Луис Суарес, Изповеди - автобиография на Диего Ривера и Интервюта с Диего Ривера.
600 14 - Име на лице, използвано като предмет
За него / За нея Ривера, Диего
9 (RLIN) 314185
650 #4 - Допълнително описание по предмет – тема
Основно описание – тема или топоним Художници, мексикански
9 (RLIN) 326239
650 #4 - Допълнително описание по предмет – тема
Основно описание – тема или топоним Ривера, Диего
9 (RLIN) 314185
651 #4 - Допълнително описание по предмет - топоним
Географско понятие Мексико
9 (RLIN) 179210
653 ## - Ключова дума – ненормативна
Ключова дума художници
653 ## - Ключова дума – ненормативна
Ключова дума Мексико
653 ## - Ключова дума – ненормативна
Ключова дума Диего Ривера
700 1# - Други автори (авторска отговорност)
Лично име Линкова, Хуанита К.
Автороска отговорност (Описва отношението между автора и произведението) прев. от исп.
9 (RLIN) 282192
852 ## - Местоположение
Форматна сигнатура Цб 39651
856 4# - Електронен адрес и достъп
Електронен формат pdf - файл
856 4# - Електронен адрес и достъп
Електронен формат pdf - файл
999 ## - СИСТЕМНИ КОНТРОЛНИ НОМЕРА
Koha biblionumber 138287
Koha biblioitemnumber 138287
942 ## - АРТИКУЛИ
Вид на библиотечния материал Книги
Скрит в OPAC Не
Периодичен библиозапис Да
944 ## - СЪЗДАВАНЕ И РЕДАКЦИЯ на ЗАПИСА
Създаване/Редакция Създаване
Дата на регистрацията/редакция 20.06.2013
Статус, дата на статуса ф / 20.06.2013
Служител, извършил регистрацията/редакцията Камелия_Данева
944 ## - СЪЗДАВАНЕ И РЕДАКЦИЯ на ЗАПИСА
Създаване/Редакция Редакция
Дата на регистрацията/редакция 06.12.2016
Статус, дата на статуса ф / 20.06.2013
Служител, извършил регистрацията/редакцията Людмила_Стоянова
999 ## - СИСТЕМНИ КОНТРОЛНИ НОМЕРА
Koha biblioitemnumber 138287
Наличности
Код за отписване Код за изгубен артикул Източник на класификационната схема Код за повреда Коз за рестрикции Код за отдаване Артикулен № Име на библиотеката - собственик Име на библиотеката, в която се намира в момента Статус (Текущо местоположение) Дата на вписване в системата Местоположение - отдел Цена в лева Инвентарен номер Систематично азбучна сигнатура Баркод Номер на екземпляра Цена в евро Служебна бележка Служебен тип на артикула
  Не е изгубен Universal Decimal Classification Не е повреден само за читалня ползва се в читалня 226099 Регионална библиотека "Любен Каравелов" Русе Регионална библиотека "Любен Каравелов" Русе Хранилище 1966-01-01 Хранилище 1.89 18145/66 Цб 39651 900000098584 1 0.97 Дост: Dp Вид: Д N: стар фонд Дата: 01.01.1966 Книги
Изтеглен Не е изгубен Universal Decimal Classification Не е повреден без рестрикции заемане за дома 226100 Регионална библиотека "Любен Каравелов" Русе Регионална библиотека "Любен Каравелов" Русе Отдел Изкуство - подръчен фонд 1966-01-01 Отдел Изкуство - подръчен фонд 1.89 17600/66 75(092)/Р 58 17600/66 2 0.97 Дост: Pk Вид: Ф N: стар фонд Дата: 01.01.1966 Дата инв: 13.02.2015 Бележки инв: ИП2015 Книги
Изтеглен Не е изгубен Universal Decimal Classification Не е повреден без рестрикции заемане за дома 226101 Регионална библиотека "Любен Каравелов" Русе Регионална библиотека "Любен Каравелов" Русе Отдел Изкуство - подръчен фонд 1966-01-01 Отдел Изкуство - подръчен фонд 0.00 17602/66 75(092)/Р 58 17602/66 3 0.00 Дост: Pk Вид: Ф N: стар фонд Дата: 01.01.1966 Дата инв: 13.02.2015 Бележки инв: ИП2015 Книги
  Не е изгубен Universal Decimal Classification Не е повреден без рестрикции заемане за дома 226102 Регионална библиотека "Любен Каравелов" Русе Регионална библиотека "Любен Каравелов" Русе Отдел Изкуство - подръчен фонд 2015-11-30 Отдел Изкуство - подръчен фонд 9.00 120000795140 75(092)/Р 58 Д 120000795140 4 4.60 Дост: DA Вид: А N: 24 Дата: 30.11.2015 Книги
Vip Innovations Ltd, Rousse, Bulgaria 2025